| 000 | 01134cam a22003253a 4500 | ||
|---|---|---|---|
| 001 | 2653 | ||
| 003 | PGUSA | ||
| 005 | 20140828083019.0 | ||
| 008 | 040930s2004||||xxu|||||s|||||000 | eng d | ||
| 040 |
_aPGUSA _beng |
||
| 042 | _adc | ||
| 050 | 4 | _aE456 | |
| 100 | 1 |
_aLincoln, Abraham, _d1809-1865 |
|
| 245 | 1 | 4 |
_aThe Papers And Writings Of Abraham Lincoln — Volume 1 : _b1832-1843 _h[electronic resource] / _cAbraham Lincoln |
| 260 |
_bProject Gutenberg, _c2004 |
||
| 506 | _aPublic domain in the USA. | ||
| 516 | _aElectronic text | ||
| 653 | _aLincoln, Abraham, 1809-1865 | ||
| 653 | _aUnited States -- Politics and government -- 1829-1837 | ||
| 653 | _aUnited States -- Politics and government -- 1841-1845 | ||
| 653 | _aLincoln, Abraham, 1809-1865 -- Correspondence | ||
| 653 | _aUnited States -- Politics and government -- 1837-1841 | ||
| 700 | 1 |
_aRoosevelt, Theodore, _d1858-1919 |
|
| 700 | 1 |
_aSchurz, Carl, _d1829-1906 |
|
| 700 | 1 | _aLapsley, Arthur Brooks | |
| 700 | 1 |
_aChoate, Joseph Hodges, _d1832-1917 |
|
| 830 | 0 |
_aProject Gutenberg _v2653 |
|
| 856 | 4 | 0 | _uhttp://www.gutenberg.org/ebooks/2653 |
| 942 | _cEB | ||
| 999 |
_c231986 _d231986 |
||